[Event "DVM U14 2022"]
[Site "Kelheim GER"]
[Date "2022.12.27"]
[Round "2"]
[White "Klerx, Philipp"]
[Black "Yin, Vito"]
[Result "1-0"]
[Termination "normal"]
[Board "6.3"]
[WhiteElo "1400"]
[BlackElo "1441"]
[WhiteClock "00:49:22"]
[BlackClock "00:22:42"]
[WhiteTeam "SK Blauer Springer Paderborn 1926 e. V."]
[BlackTeam "OSG Baden-Baden"]
[PlyCount "70"]
[WhiteFideId "34640274"]
[BlackFideId "34601759"]
[EventCountry "GER"]
[EventRounds "7"]
[EventType "team-swiss"]
[EventDate "2022.12.26"]

1. e4 {[%clk 01:30:57]} {[%emt 00:00:01]} c5 {[%clk 01:29:59]} {[%emt
00:01:02]} 2. Bc4 {[%clk 01:29:41]} {[%emt 00:01:46]} Nc6 {[%clk 01:28:19]}
{[%emt 00:02:10]} 3. Nc3 {[%clk 01:28:37]} {[%emt 00:01:34]} g6 {[%clk
01:26:36]} {[%emt 00:02:13]} 4. Nf3 {[%clk 01:25:40]} {[%emt 00:03:26]} Bg7
{[%clk 01:26:16]} {[%emt 00:00:50]} 5. d3 {[%clk 01:23:07]} {[%emt 00:03:03]}
d6 {[%clk 01:23:39]} {[%emt 00:03:07]} 6. Be3 {[%clk 01:17:47]} {[%emt
00:05:50]} a6 {[%clk 01:21:39]} {[%emt 00:02:31]} 7. h3 {[%clk 01:15:57]}
{[%emt 00:02:19]} e6 {[%clk 01:15:19]} {[%emt 00:06:51]} 8. a3 {[%clk
01:12:12]} {[%emt 00:04:16]} Nge7 {[%clk 01:14:51]} {[%emt 00:00:57]} 9. Qd2
{[%clk 01:12:14]} {[%emt 00:00:28]} d5 {[%clk 01:07:22]} {[%emt 00:07:59]} 10.
exd5 {[%clk 01:08:53]} {[%emt 00:03:50]} exd5 {[%clk 01:07:44]} {[%emt
00:00:08]} 11. Nxd5 {[%clk 01:03:54]} {[%emt 00:05:28]} Nxd5 {[%clk 01:06:46]}
{[%emt 00:01:29]} 12. Bxc5 {[%clk 01:02:10]} {[%emt 00:02:14]} Bxb2 {[%clk
01:03:24]} {[%emt 00:03:53]} 13. Qe2 {[%clk 00:58:11]} {[%emt 00:04:28]} Be6
{[%clk 01:03:34]} {[%emt 00:00:21]} 14. O-O {[%clk 00:48:00]} {[%emt 00:10:40]}
Bxa1 {[%clk 01:00:07]} {[%emt 00:03:57]} 15. Rxa1 {[%clk 00:47:47]} {[%emt
00:00:43]} b6 {[%clk 00:58:48]} {[%emt 00:01:50]} 16. Bxd5 {[%clk 00:46:57]}
{[%emt 00:01:20]} Qxd5 {[%clk 00:57:27]} {[%emt 00:01:50]} 17. Bxb6 {[%clk
00:47:05]} {[%emt 00:00:22]} Rb8 {[%clk 00:56:57]} {[%emt 00:01:01]} 18. Be3
{[%clk 00:44:08]} {[%emt 00:03:26]} Qh5 {[%clk 00:48:28]} {[%emt 00:08:59]} 19.
Qd2 {[%clk 00:43:00]} {[%emt 00:01:39]} Qa5 {[%clk 00:43:24]} {[%emt 00:05:34]}
20. Qe2 {[%clk 00:41:26]} {[%emt 00:02:03]} Qc3 {[%clk 00:42:20]} {[%emt
00:01:35]} 21. Rc1 {[%clk 00:39:44]} {[%emt 00:02:11]} O-O {[%clk 00:31:58]}
{[%emt 00:10:52]} 22. Kh1 {[%clk 00:33:00]} {[%emt 00:07:14]} Rfe8 {[%clk
00:30:06]} {[%emt 00:02:23]} 23. Kg1 {[%clk 00:31:53]} {[%emt 00:01:36]} Bd5
{[%clk 00:27:50]} {[%emt 00:02:46]} 24. Qd1 {[%clk 00:30:48]} {[%emt 00:01:35]}
Rb2 {[%clk 00:26:05]} {[%emt 00:02:16]} 25. Ne1 {[%clk 00:28:59]} {[%emt
00:02:18]} a5 {[%clk 00:22:19]} {[%emt 00:04:17]} 26. Qg4 {[%clk 00:27:56]}
{[%emt 00:01:31]} Ba2 {[%clk 00:15:48]} {[%emt 00:07:02]} 27. Qd1 {[%clk
00:25:20]} {[%emt 00:03:06]} Reb8 {[%clk 00:10:59]} {[%emt 00:05:20]} 28. Bd2
{[%clk 00:24:53]} {[%emt 00:00:56]} Qxa3 {[%clk 00:10:34]} {[%emt 00:00:56]}
29. Qg4 {[%clk 00:23:58]} {[%emt 00:01:24]} Rb1 {[%clk 00:09:26]} {[%emt
00:01:39]} 30. Rxb1 {[%clk 00:23:57]} {[%emt 00:00:31]} Bxb1 {[%clk 00:09:29]}
{[%emt 00:00:26]} 31. Qe4 {[%clk 00:23:18]} {[%emt 00:01:09]} Qd6 {[%clk
00:07:58]} {[%emt 00:02:02]} 32. Qa4 {[%clk 00:22:48]} {[%emt 00:01:00]} Qe6
{[%clk 00:05:31]} {[%emt 00:02:56]} 33. Kh2 {[%clk 00:21:59]} {[%emt 00:01:19]}
Rb2 {[%clk 00:26:24]} {[%emt 00:09:37]} 34. Bc3 {[%clk 00:51:15]} {[%emt
00:01:14]} Ra2 {[%clk 00:26:31]} {[%emt 00:00:23]} 35. Qh4 {[%clk 00:49:22]}
{[%emt 00:02:18]} Bxc2 {[%clk 00:22:42]} {[%emt 00:04:24]} 1-0

[Event "DVM U14 2022"]
[Site "Kelheim GER"]
[Date "2022.12.27"]
[Round "2"]
[White "Matz, Niklas"]
[Black "Nolte, Matthis"]
[Result "0-1"]
[Termination "normal"]
[Board "6.4"]
[WhiteElo "1417"]
[BlackElo "1220"]
[WhiteClock "00:14:54"]
[BlackClock "00:10:17"]
[WhiteTeam "OSG Baden-Baden"]
[BlackTeam "SK Blauer Springer Paderborn 1926 e. V."]
[PlyCount "106"]
[WhiteFideId "34601708"]
[BlackFideId "34640304"]
[EventCountry "GER"]
[EventRounds "7"]
[EventType "team-swiss"]
[EventDate "2022.12.26"]

1. e4 {[%clk 01:30:58]} {[%emt 00:00:02]} e5 {[%clk 01:30:56]} {[%emt
00:00:04]} 2. Bc4 {[%clk 01:31:09]} {[%emt 00:00:17]} Bc5 {[%clk 01:30:49]}
{[%emt 00:00:38]} 3. Nf3 {[%clk 01:29:50]} {[%emt 00:01:49]} d6 {[%clk
01:30:53]} {[%emt 00:00:26]} 4. O-O {[%clk 01:28:42]} {[%emt 00:01:39]} Nc6
{[%clk 01:30:36]} {[%emt 00:00:47]} 5. c3 {[%clk 01:28:04]} {[%emt 00:01:07]}
Bg4 {[%clk 01:29:06]} {[%emt 00:01:59]} 6. h3 {[%clk 01:27:52]} {[%emt
00:00:43]} Bh5 {[%clk 01:29:20]} {[%emt 00:00:16]} 7. d3 {[%clk 01:27:29]}
{[%emt 00:00:53]} Nf6 {[%clk 01:28:17]} {[%emt 00:01:34]} 8. Be3 {[%clk
01:24:55]} {[%emt 00:03:03]} Bb6 {[%clk 01:25:42]} {[%emt 00:03:06]} 9. Nbd2
{[%clk 01:20:19]} {[%emt 00:05:06]} O-O {[%clk 01:24:42]} {[%emt 00:01:29]} 10.
Qc2 {[%clk 01:18:05]} {[%emt 00:02:44]} Bg6 {[%clk 01:23:08]} {[%emt 00:02:05]}
11. Bxb6 {[%clk 01:16:29]} {[%emt 00:02:05]} axb6 {[%clk 01:21:40]} {[%emt
00:01:59]} 12. Rfe1 {[%clk 01:16:24]} {[%emt 00:00:35]} Re8 {[%clk 01:20:25]}
{[%emt 00:01:45]} 13. Bb5 {[%clk 01:12:35]} {[%emt 00:04:17]} d5 {[%clk
01:11:54]} {[%emt 00:09:02]} 14. exd5 {[%clk 01:06:23]} {[%emt 00:06:42]} Qxd5
{[%clk 01:11:52]} {[%emt 00:00:32]} 15. Bc4 {[%clk 01:05:57]} {[%emt 00:00:55]}
Qd6 {[%clk 01:07:03]} {[%emt 00:05:20]} 16. Ne4 {[%clk 01:02:53]} {[%emt
00:03:35]} Nxe4 {[%clk 01:05:24]} {[%emt 00:02:09]} 17. dxe4 {[%clk 01:02:35]}
{[%emt 00:00:48]} Qf6 {[%clk 01:02:11]} {[%emt 00:03:43]} 18. Bd5 {[%clk
00:58:28]} {[%emt 00:04:36]} Ne7 {[%clk 00:56:28]} {[%emt 00:06:13]} 19. Qd2
{[%clk 00:55:47]} {[%emt 00:03:08]} Nxd5 {[%clk 00:54:01]} {[%emt 00:03:01]}
20. Qxd5 {[%clk 00:55:39]} {[%emt 00:00:38]} c6 {[%clk 00:52:27]} {[%emt
00:02:04]} 21. Qb3 {[%clk 00:54:44]} {[%emt 00:01:23]} b5 {[%clk 00:50:12]}
{[%emt 00:02:46]} 22. Qc2 {[%clk 00:52:07]} {[%emt 00:03:07]} Bh5 {[%clk
00:47:59]} {[%emt 00:02:43]} 23. Re3 {[%clk 00:51:53]} {[%emt 00:00:43]} Qe6
{[%clk 00:42:33]} {[%emt 00:05:57]} 24. a3 {[%clk 00:46:27]} {[%emt 00:05:56]}
Qc4 {[%clk 00:38:07]} {[%emt 00:04:55]} 25. Qd3 {[%clk 00:43:14]} {[%emt
00:03:42]} Qb3 {[%clk 00:36:37]} {[%emt 00:02:01]} 26. Rb1 {[%clk 00:39:16]}
{[%emt 00:04:28]} Red8 {[%clk 00:35:10]} {[%emt 00:01:58]} 27. Qf1 {[%clk
00:36:26]} {[%emt 00:03:20]} Bxf3 {[%clk 00:30:57]} {[%emt 00:04:43]} 28. Rxf3
{[%clk 00:35:30]} {[%emt 00:01:27]} Rd2 {[%clk 00:29:10]} {[%emt 00:02:16]} 29.
Rd3 {[%clk 00:23:36]} {[%emt 00:12:24]} Rxb2 {[%clk 00:24:45]} {[%emt
00:04:56]} 30. Rbd1 {[%clk 00:21:30]} {[%emt 00:02:35]} Rf8 {[%clk 00:21:09]}
{[%emt 00:04:06]} 31. f4 {[%clk 00:19:51]} {[%emt 00:02:09]} Qc4 {[%clk
00:17:39]} {[%emt 00:04:00]} 32. Qf3 {[%clk 00:17:04]} {[%emt 00:03:17]} Qc5
{[%clk 00:15:36]} {[%emt 00:02:33]} 33. Kf1 {[%clk 00:14:07]} {[%emt 00:03:26]}
Qc4 {[%clk 00:13:30]} {[%emt 00:02:37]} 34. fxe5 {[%clk 00:13:47]} {[%emt
00:00:50]} Rc2 {[%clk 00:11:43]} {[%emt 00:02:18]} 35. Kg1 {[%clk 00:13:42]}
{[%emt 00:00:34]} Qc5 {[%clk 00:11:51]} {[%emt 00:00:22]} 36. Kf1 {[%clk
00:13:39]} {[%emt 00:00:33]} Qxe5 {[%clk 00:11:39]} {[%emt 00:00:42]} 37. Rd8
{[%clk 00:13:04]} {[%emt 00:01:04]} Rxc3 {[%clk 00:10:27]} {[%emt 00:01:43]}
38. Qg4 {[%clk 00:11:41]} {[%emt 00:01:49]} Qf6 {[%clk 00:09:19]} {[%emt
00:01:42]} 39. Qf5 {[%clk 00:11:28]} {[%emt 00:00:43]} Rxd8 {[%clk 00:09:23]}
{[%emt 00:00:26]} 40. Rxd8 {[%clk 00:11:54]} {[%emt 00:00:04]} Qxd8 {[%clk
00:09:42]} {[%emt 00:00:11]} 41. Qe5 {[%clk 00:11:57]} {[%emt 00:00:28]} Qf6
{[%clk 00:09:31]} {[%emt 00:00:41]} 42. Qxf6 {[%clk 00:12:14]} {[%emt
00:00:12]} gxf6 {[%clk 00:09:58]} {[%emt 00:00:03]} 43. Kf2 {[%clk 00:12:35]}
{[%emt 00:00:10]} Rxa3 {[%clk 00:10:18]} {[%emt 00:00:10]} 44. e5 {[%clk
00:12:47]} {[%emt 00:00:17]} fxe5 {[%clk 00:10:29]} {[%emt 00:00:18]} 45. g4
{[%clk 00:13:05]} {[%emt 00:00:13]} b4 {[%clk 00:10:53]} {[%emt 00:00:06]} 46.
Ke2 {[%clk 00:13:25]} {[%emt 00:00:10]} Rc3 {[%clk 00:10:36]} {[%emt 00:00:47]}
47. Kd1 {[%clk 00:13:26]} {[%emt 00:00:29]} b3 {[%clk 00:10:58]} {[%emt
00:00:08]} 48. Ke2 {[%clk 00:13:50]} {[%emt 00:00:06]} b2 {[%clk 00:11:15]}
{[%emt 00:00:14]} 49. Kd2 {[%clk 00:14:15]} {[%emt 00:00:05]} Rc5 {[%clk
00:11:39]} {[%emt 00:00:05]} 50. Ke2 {[%clk 00:14:18]} {[%emt 00:00:27]} b1=Q
{[%emt 00:00:31]} 51. Kd2 {[%emt 00:00:30]} Qe4 {[%clk 00:10:01]} {[%emt
00:01:07]} 52. g5 {[%clk 00:14:37]} {[%emt 00:00:11]} Rc2 {[%clk 00:10:20]}
{[%emt 00:00:12]} 53. Kd1 {[%clk 00:14:54]} {[%emt 00:00:13]} Qe2# {[%clk
00:10:17]} {[%emt 00:00:01]} 0-1

[Event "DVM U14 2022"]
[Site "Kelheim GER"]
[Date "2022.12.27"]
[Round "2"]
[White "Haug, Mara"]
[Black "Krüger, Arthur"]
[Result "1/2-1/2"]
[Termination "normal"]
[Board "7.1"]
[WhiteElo "1629"]
[BlackElo "1953"]
[WhiteClock "00:23:53"]
[BlackClock "00:43:26"]
[WhiteTeam "Karlsruher SF 1853"]
[BlackTeam "Hamburger SK von 1830 eV"]
[PlyCount "89"]
[WhiteFideId "16259300"]
[BlackFideId "16244966"]
[EventCountry "GER"]
[EventRounds "7"]
[EventType "team-swiss"]
[EventDate "2022.12.26"]

1. e4 {[%clk 01:30:58]} {[%emt 00:00:02]} e6 {[%clk 01:30:55]} {[%emt
00:00:05]} 2. d4 {[%clk 01:31:24]} {[%emt 00:00:03]} d5 {[%clk 01:31:22]}
{[%emt 00:00:03]} 3. Nd2 {[%clk 01:31:49]} {[%emt 00:00:05]} c5 {[%clk
01:31:48]} {[%emt 00:00:05]} 4. c3 {[%clk 01:32:07]} {[%emt 00:00:12]} Nf6
{[%clk 01:31:26]} {[%emt 00:00:52]} 5. e5 {[%clk 01:32:29]} {[%emt 00:00:08]}
Nfd7 {[%clk 01:31:51]} {[%emt 00:00:05]} 6. Bd3 {[%clk 01:32:07]} {[%emt
00:00:51]} Nc6 {[%clk 01:31:20]} {[%emt 00:01:01]} 7. Ndf3 {[%clk 01:32:11]}
{[%emt 00:00:27]} Qb6 {[%clk 01:29:27]} {[%emt 00:02:23]} 8. Ne2 {[%clk
01:31:55]} {[%emt 00:00:46]} cxd4 {[%clk 01:27:02]} {[%emt 00:02:55]} 9. cxd4
{[%clk 01:32:01]} {[%emt 00:00:23]} Qb4 {[%clk 01:22:58]} {[%emt 00:04:35]} 10.
Qd2 {[%clk 01:30:56]} {[%emt 00:01:34]} Qxd2 {[%clk 01:20:03]} {[%emt
00:03:26]} 11. Bxd2 {[%clk 01:31:08]} {[%emt 00:00:17]} Nb6 {[%clk 01:19:41]}
{[%emt 00:00:52]} 12. Rc1 {[%clk 01:28:29]} {[%emt 00:03:08]} Bd7 {[%clk
01:19:29]} {[%emt 00:00:44]} 13. O-O {[%clk 01:28:29]} {[%emt 00:00:30]} Be7
{[%clk 01:18:58]} {[%emt 00:01:00]} 14. a3 {[%clk 01:25:01]} {[%emt 00:03:58]}
O-O {[%clk 01:17:54]} {[%emt 00:01:34]} 15. Be3 {[%clk 01:24:11]} {[%emt
00:01:19]} Na5 {[%clk 01:12:10]} {[%emt 00:06:15]} 16. Nd2 {[%clk 01:23:24]}
{[%emt 00:01:17]} Rfc8 {[%clk 01:09:53]} {[%emt 00:02:47]} 17. f4 {[%clk
01:20:36]} {[%emt 00:03:19]} Nac4 {[%clk 01:09:03]} {[%emt 00:01:19]} 18. Nxc4
{[%clk 01:20:02]} {[%emt 00:01:04]} Nxc4 {[%clk 01:08:58]} {[%emt 00:00:36]}
19. Bxc4 {[%clk 01:20:22]} {[%emt 00:00:10]} dxc4 {[%clk 01:09:08]} {[%emt
00:00:20]} 20. Nc3 {[%clk 01:16:45]} {[%emt 00:04:06]} Bc6 {[%clk 01:00:26]}
{[%emt 00:09:12]} 21. f5 {[%clk 01:12:50]} {[%emt 00:04:26]} Bf8 {[%clk
00:58:40]} {[%emt 00:02:16]} 22. Rcd1 {[%clk 01:08:20]} {[%emt 00:04:56]} Rd8
{[%clk 00:56:57]} {[%emt 00:02:16]} 23. fxe6 {[%clk 01:00:52]} {[%emt
00:07:58]} fxe6 {[%clk 00:57:19]} {[%emt 00:00:09]} 24. Ne2 {[%clk 00:53:33]}
{[%emt 00:07:48]} b5 {[%clk 00:54:31]} {[%emt 00:03:17]} 25. Nf4 {[%clk
00:50:05]} {[%emt 00:03:59]} Bd5 {[%clk 00:54:00]} {[%emt 00:01:01]} 26. Nxd5
{[%clk 00:47:29]} {[%emt 00:03:06]} Rxd5 {[%clk 00:54:20]} {[%emt 00:00:10]}
27. Rf2 {[%clk 00:44:15]} {[%emt 00:03:43]} a5 {[%clk 00:53:21]} {[%emt
00:01:30]} 28. Rc1 {[%clk 00:40:06]} {[%emt 00:04:37]} Rc8 {[%clk 00:50:26]}
{[%emt 00:03:26]} 29. Rfc2 {[%clk 00:37:19]} {[%emt 00:03:18]} Rd7 {[%clk
00:50:16]} {[%emt 00:00:41]} 30. a4 {[%clk 00:29:41]} {[%emt 00:08:07]} bxa4
{[%clk 00:49:02]} {[%emt 00:01:45]} 31. Rxc4 {[%clk 00:26:23]} {[%emt
00:03:47]} Rxc4 {[%clk 00:49:28]} {[%emt 00:00:04]} 32. Rxc4 {[%clk 00:26:42]}
{[%emt 00:00:10]} a3 {[%clk 00:49:48]} {[%emt 00:00:11]} 33. bxa3 {[%clk
00:27:04]} {[%emt 00:00:08]} Bxa3 {[%clk 00:50:09]} {[%emt 00:00:09]} 34. Bd2
{[%clk 00:25:41]} {[%emt 00:01:53]} Bb2 {[%clk 00:49:06]} {[%emt 00:01:33]} 35.
Be3 {[%clk 00:23:24]} {[%emt 00:02:47]} Kf7 {[%clk 00:46:11]} {[%emt 00:03:24]}
36. Kf2 {[%clk 00:22:29]} {[%emt 00:01:25]} Rb7 {[%clk 00:45:06]} {[%emt
00:01:36]} 37. Bd2 {[%clk 00:19:16]} {[%emt 00:03:43]} Rb5 {[%clk 00:42:03]}
{[%emt 00:03:33]} 38. Ke3 {[%clk 00:18:01]} {[%emt 00:01:44]} Ba3 {[%clk
00:39:44]} {[%emt 00:02:50]} 39. Kd3 {[%clk 00:13:37]} {[%emt 00:04:53]} Bb4
{[%clk 00:35:27]} {[%emt 00:04:47]} 40. Bxb4 {[%clk 00:12:30]} {[%emt
00:01:38]} axb4 {[%clk 00:35:34]} {[%emt 00:00:23]} 41. Rc2 {[%clk 00:03:59]}
{[%emt 00:09:01]} Kg6 {[%clk 00:15:50]} {[%emt 00:20:15]} 42. Kc4 {[%clk
00:28:36]} {[%emt 00:05:52]} Rb7 {[%clk 00:45:03]} {[%emt 00:01:17]} 43. Rb2
{[%clk 00:28:19]} {[%emt 00:00:47]} Rc7 {[%clk 00:43:50]} {[%emt 00:01:44]} 44.
Kxb4 {[%clk 00:24:38]} {[%emt 00:04:10]} Kf5 {[%clk 00:43:26]} {[%emt
00:00:54]} 45. Re2 {[%clk 00:23:53]} {[%emt 00:01:14]} 1/2-1/2

[Event "DVM U14 2022"]
[Site "Kelheim GER"]
[Date "2022.12.27"]
[Round "2"]
[White "Dorendorf, Mika"]
[Black "Khachaturyan, Konstantin"]
[Result "1-0"]
[Termination "normal"]
[Board "7.2"]
[WhiteElo "1783"]
[BlackElo "1361"]
[WhiteClock "01:14:16"]
[BlackClock "00:30:00"]
[WhiteTeam "Hamburger SK von 1830 eV"]
[BlackTeam "Karlsruher SF 1853"]
[PlyCount "97"]
[WhiteFideId "16283066"]
[BlackFideId "16239083"]
[EventCountry "GER"]
[EventRounds "7"]
[EventType "team-swiss"]
[EventDate "2022.12.26"]

1. d4 {[%clk 01:30:28]} {[%emt 00:00:32]} c6 {[%clk 01:30:54]} {[%emt
00:00:07]} 2. c4 {[%clk 01:30:29]} {[%emt 00:00:29]} d5 {[%clk 01:31:18]}
{[%emt 00:00:06]} 3. cxd5 {[%clk 01:30:56]} {[%emt 00:00:03]} cxd5 {[%clk
01:31:43]} {[%emt 00:00:04]} 4. Nc3 {[%clk 01:31:21]} {[%emt 00:00:05]} Nc6
{[%clk 01:31:48]} {[%emt 00:00:25]} 5. Bf4 {[%clk 01:31:40]} {[%emt 00:00:10]}
Nf6 {[%clk 01:31:55]} {[%emt 00:00:24]} 6. e3 {[%clk 01:31:44]} {[%emt
00:00:27]} a6 {[%clk 01:32:19]} {[%emt 00:00:06]} 7. Bd3 {[%clk 01:31:54]}
{[%emt 00:00:19]} g6 {[%clk 01:32:03]} {[%emt 00:00:46]} 8. Nf3 {[%clk
01:31:56]} {[%emt 00:00:28]} Bf5 {[%clk 01:31:23]} {[%emt 00:01:11]} 9. O-O
{[%clk 01:31:47]} {[%emt 00:00:38]} Bxd3 {[%clk 01:31:49]} {[%emt 00:00:04]}
10. Qxd3 {[%clk 01:32:09]} {[%emt 00:00:08]} Bg7 {[%clk 01:32:05]} {[%emt
00:00:14]} 11. a4 {[%clk 01:31:39]} {[%emt 00:01:00]} O-O {[%clk 01:31:25]}
{[%emt 00:01:08]} 12. Rfb1 {[%clk 01:31:14]} {[%emt 00:00:57]} a5 {[%clk
01:25:58]} {[%emt 00:05:58]} 13. Na2 {[%clk 01:29:10]} {[%emt 00:02:33]} Qd7
{[%clk 01:22:23]} {[%emt 00:04:05]} 14. b4 {[%clk 01:28:08]} {[%emt 00:01:32]}
Nxb4 {[%clk 01:20:22]} {[%emt 00:02:32]} 15. Nxb4 {[%clk 01:28:30]} {[%emt
00:00:07]} axb4 {[%clk 01:20:42]} {[%emt 00:00:10]} 16. Rxb4 {[%clk 01:28:02]}
{[%emt 00:00:59]} Nh5 {[%clk 01:15:33]} {[%emt 00:05:38]} 17. Bg3 {[%clk
01:25:45]} {[%emt 00:02:47]} Nxg3 {[%emt 00:00:17]} 18. hxg3 {[%clk 01:26:06]}
{[%emt 00:00:02]} Rfc8 {[%clk 01:15:36]} {[%emt 00:00:47]} 19. Qb5 {[%clk
01:25:39]} {[%emt 00:00:57]} Qxb5 {[%clk 01:12:54]} {[%emt 00:03:12]} 20. Rxb5
{[%clk 01:25:44]} {[%emt 00:00:26]} Rc7 {[%clk 01:12:04]} {[%emt 00:01:20]} 21.
Rxd5 {[%clk 01:25:46]} {[%emt 00:00:27]} e6 {[%clk 01:12:05]} {[%emt 00:00:29]}
22. Rb5 {[%clk 01:25:41]} {[%emt 00:00:36]} Bf6 {[%clk 01:11:27]} {[%emt
00:01:07]} 23. Nd2 {[%clk 01:25:42]} {[%emt 00:00:29]} Bd8 {[%clk 01:07:16]}
{[%emt 00:04:41]} 24. Ne4 {[%clk 01:25:18]} {[%emt 00:00:54]} Be7 {[%clk
01:04:22]} {[%emt 00:03:24]} 25. a5 {[%clk 01:22:35]} {[%emt 00:03:13]} Ra7
{[%clk 00:55:40]} {[%emt 00:09:12]} 26. Kf1 {[%clk 01:19:52]} {[%emt 00:03:13]}
Rc6 {[%clk 00:55:05]} {[%emt 00:01:05]} 27. Rab1 {[%clk 01:20:08]} {[%emt
00:00:14]} Rc7 {[%clk 00:50:36]} {[%emt 00:04:59]} 28. Ke2 {[%clk 01:20:09]}
{[%emt 00:00:30]} Kg7 {[%clk 00:47:52]} {[%emt 00:03:12]} 29. Kd3 {[%clk
01:19:27]} {[%emt 00:01:13]} Rd7 {[%clk 00:42:37]} {[%emt 00:05:46]} 30. Nc5
{[%clk 01:19:21]} {[%emt 00:00:36]} Bxc5 {[%clk 00:42:33]} {[%emt 00:00:33]}
31. Rxc5 {[%clk 01:19:45]} {[%emt 00:00:06]} Rd6 {[%clk 00:39:49]} {[%emt
00:03:15]} 32. Rc7 {[%clk 01:19:06]} {[%emt 00:01:08]} Rda6 {[%clk 00:39:44]}
{[%emt 00:00:35]} 33. Rbxb7 {[%clk 01:17:59]} {[%emt 00:01:37]} Rxb7 {[%clk
00:40:01]} {[%emt 00:00:13]} 34. Rxb7 {[%clk 01:18:25]} {[%emt 00:00:04]} Rxa5
{[%clk 00:40:23]} {[%emt 00:00:08]} 35. Rc7 {[%clk 01:16:55]} {[%emt 00:02:01]}
Ra2 {[%clk 00:40:03]} {[%emt 00:00:49]} 36. Rc2 {[%clk 01:17:17]} {[%emt
00:00:09]} Ra3 {[%clk 00:40:17]} {[%emt 00:00:15]} 37. Kc4 {[%clk 01:17:20]}
{[%emt 00:00:27]} Ra5 {[%clk 00:40:02]} {[%emt 00:00:44]} 38. e4 {[%clk
01:17:25]} {[%emt 00:00:26]} Ra4 {[%clk 00:39:56]} {[%emt 00:00:36]} 39. Kd3
{[%clk 01:16:55]} {[%emt 00:00:59]} Ra3 {[%clk 00:40:14]} {[%emt 00:00:12]} 40.
Rc3 {[%clk 01:17:00]} {[%emt 00:00:26]} Ra2 {[%clk 00:40:37]} {[%emt 00:00:07]}
41. Ke3 {[%clk 01:17:20]} {[%emt 00:00:09]} Ra5 {[%clk 00:40:59]} {[%emt
00:00:09]} 42. Rd3 {[%clk 01:16:35]} {[%emt 00:01:16]} f5 {[%clk 00:37:42]}
{[%emt 00:03:46]} 43. f3 {[%clk 01:15:20]} {[%emt 00:01:45]} Ra2 {[%clk
00:36:43]} {[%emt 00:01:29]} 44. Rd2 {[%clk 01:14:56]} {[%emt 00:00:55]} Ra3
{[%clk 00:36:22]} {[%emt 00:00:51]} 45. Kf4 {[%clk 01:14:41]} {[%emt 00:00:45]}
h6 {[%clk 00:36:02]} {[%emt 00:00:49]} 46. Ke5 {[%clk 01:14:41]} {[%emt
00:00:30]} Kf7 {[%clk 00:35:44]} {[%emt 00:00:49]} 47. Rc2 {[%clk 01:14:39]}
{[%emt 00:00:31]} Re3 {[%clk 00:30:05]} {[%emt 00:06:08]} 48. Rc7 {[%clk
01:13:49]} {[%emt 00:01:21]} Kf8 {[%clk 00:30:00]} {[%emt 00:00:30]} 49. Kf6
{[%clk 01:14:16]} {[%emt 00:00:08]} 1-0

[Event "DVM U14 2022"]
[Site "Kelheim GER"]
[Date "2022.12.27"]
[Round "2"]
[White "Schulz, Jonas"]
[Black "Kellner, Anton"]
[Result "0-1"]
[Termination "normal"]
[Board "7.3"]
[WhiteElo "1350"]
[BlackElo "1330"]
[WhiteClock "00:47:07"]
[BlackClock "00:47:25"]
[WhiteTeam "Karlsruher SF 1853"]
[BlackTeam "Hamburger SK von 1830 eV"]
[PlyCount "64"]
[WhiteFideId "16245172"]
[BlackFideId "16293185"]
[EventCountry "GER"]
[EventRounds "7"]
[EventType "team-swiss"]
[EventDate "2022.12.26"]

1. e4 {[%clk 01:30:57]} {[%emt 00:00:03]} c5 {[%clk 01:11:51]} {[%emt
00:04:42]} 2. c3 {[%clk 01:31:01]} {[%emt 00:00:25]} Nc6 {[%clk 01:11:33]}
{[%emt 00:00:49]} 3. d4 {[%clk 01:29:40]} {[%emt 00:01:52]} e6 {[%clk
01:10:52]} {[%emt 00:01:10]} 4. Nf3 {[%clk 01:29:03]} {[%emt 00:01:07]} d5
{[%clk 01:10:20]} {[%emt 00:01:01]} 5. e5 {[%clk 01:26:23]} {[%emt 00:03:11]}
c4 {[%clk 01:08:47]} {[%emt 00:02:02]} 6. Bf4 {[%clk 01:24:26]} {[%emt
00:02:28]} b5 {[%clk 01:05:34]} {[%emt 00:03:41]} 7. a3 {[%clk 01:21:39]}
{[%emt 00:03:19]} a5 {[%clk 01:04:06]} {[%emt 00:01:57]} 8. Nbd2 {[%clk
01:19:48]} {[%emt 00:02:22]} Bd7 {[%clk 01:02:51]} {[%emt 00:01:44]} 9. Be2
{[%clk 01:18:33]} {[%emt 00:01:46]} Nge7 {[%clk 01:02:48]} {[%emt 00:00:32]}
10. O-O {[%clk 01:17:24]} {[%emt 00:01:40]} Ng6 {[%clk 01:03:03]} {[%emt
00:00:14]} 11. Bg3 {[%clk 01:16:44]} {[%emt 00:01:11]} Be7 {[%clk 01:03:20]}
{[%emt 00:00:12]} 12. Qc2 {[%clk 01:13:10]} {[%emt 00:04:05]} O-O {[%clk
01:02:45]} {[%emt 00:01:04]} 13. Rfb1 {[%clk 01:11:32]} {[%emt 00:02:08]} b4
{[%clk 01:00:25]} {[%emt 00:02:50]} 14. axb4 {[%clk 01:08:47]} {[%emt
00:03:17]} axb4 {[%clk 01:00:46]} {[%emt 00:00:09]} 15. Qd1 {[%clk 01:06:21]}
{[%emt 00:02:55]} Qc7 {[%clk 00:59:13]} {[%emt 00:02:01]} 16. h3 {[%clk
01:04:58]} {[%emt 00:01:55]} Rfb8 {[%clk 00:58:30]} {[%emt 00:01:07]} 17. Nh2
{[%clk 01:03:37]} {[%emt 00:01:56]} bxc3 {[%clk 00:57:06]} {[%emt 00:01:54]}
18. bxc3 {[%clk 01:03:14]} {[%emt 00:00:53]} Na7 {[%clk 00:55:52]} {[%emt
00:01:40]} 19. Ng4 {[%clk 01:01:30]} {[%emt 00:02:19]} Nb5 {[%clk 00:54:57]}
{[%emt 00:01:22]} 20. Nf6 {[%clk 00:52:34]} {[%emt 00:09:28]} gxf6 {[%clk
00:53:51]} {[%emt 00:01:35]} 21. exf6 {[%clk 00:52:54]} {[%emt 00:00:11]} Bd6
{[%clk 00:54:11]} {[%emt 00:00:09]} 22. Bxd6 {[%clk 00:51:19]} {[%emt
00:02:06]} Qxd6 {[%clk 00:54:15]} {[%emt 00:00:25]} 23. Qc1 {[%clk 00:50:18]}
{[%emt 00:01:32]} Nf4 {[%clk 00:53:54]} {[%emt 00:00:48]} 24. Kf1 {[%clk
00:49:16]} {[%emt 00:01:35]} e5 {[%clk 00:49:25]} {[%emt 00:04:57]} 25. Nf3
{[%clk 00:47:53]} {[%emt 00:01:54]} exd4 {[%clk 00:48:05]} {[%emt 00:01:50]}
26. Nxd4 {[%clk 00:47:04]} {[%emt 00:01:20]} Nxd4 {[%clk 00:47:42]} {[%emt
00:00:53]} 27. cxd4 {[%clk 00:47:07]} {[%emt 00:00:26]} Qxf6 {[%emt 00:00:46]}
28. Qd2 Rxb1 29. Rxb1 Qg6 30. g3 Qxb1 31. Bd1 Qd3 32. Qxd3 Nxd3 {[%clk
00:47:25]} 0-1